| 000 | 01224nam a22003617a 4500 | ||
|---|---|---|---|
| 003 | CHAP | ||
| 005 | 20220329140913.0 | ||
| 008 | 971013s1980 r 00010 d | ||
| 010 | _a59552 | ||
| 011 | _a60524 | ||
| 035 | _a64686 | ||
| 040 | _cCHAP | ||
| 082 |
_a581.151 _bD52 |
||
| 245 |
_aDirectory of germplasm collection _b: cereals |
||
| 260 |
_aRome : _bInternational Board for Plant Genetic Resources, _c1980-19 - |
||
| 300 | _av. | ||
| 500 | _aLa biblioteca tiene : v.1 Wheat.--v.3 Rice | ||
| 590 |
_aBATCH-UPD _b10 _c20130110 _lUCH01 _h0426 |
||
| 590 |
_aBATCH-UPD _b10 _c20130110 _lUCH01 _h2125 |
||
| 590 |
_aBATCH-UPD _b10 _c20130410 _lUCH01 _h0101 |
||
| 590 |
_aBATCH-UPD _b10 _c20130914 _lUCH01 _h0459 |
||
| 590 |
_aCONVERSION _b10 _c20130109 _lUCH01 _h1332 |
||
| 650 | 1 | 4 |
_aCereales _xGermoplasma. _921423 |
| 650 | 1 | 4 |
_aGermoplasma _xCatálogos y colecciones _xDirectorios. _947768 |
| 650 | 1 | 4 |
_aTrigo _xGermoplasma. _9115033 |
| 700 | 0 |
_aAyad, G. _98910 |
|
| 700 | 0 |
_aToll, Jane. _9113646 |
|
| 700 | 0 |
_aWilliams, J. T. _9122067 |
|
| 901 | _aBK | ||
| 942 | _cLIBRO | ||
| 949 |
_a581.151 D52 _bBC _cC _d33724000495917 _eC _fv.3 _h83977 _i64686 _si |
||
| 949 |
_a581.151 D52 _bBC _cC _d33724000495966 _eC _fv.1 _h70844 _i64686 _si |
||
| 999 |
_c59552 _d59552 |
||